| 000 | 00484nam a2200181Ia 4500 | ||
|---|---|---|---|
| 008 | 240925s9999 xx 000 0 und d | ||
| 020 | _a30224691 | ||
| 082 | _a658.4036 GOR | ||
| 100 | _aGordon ,Judith R. | ||
| 245 | 0 | _aInformation systems: a management approach | |
| 250 | _a2nd | ||
| 260 |
_aFort Worth: _bHarcourt College Publishers _c,1999. |
||
| 300 |
_axlix,601p. _bNA _fOriginal |
||
| 500 | _aIncludes Index | ||
| 600 | _aManagement | ||
| 650 | _aManagement | ||
| 942 | _cBK | ||
| 999 |
_c7303 _d7303 |
||